Consecuencias fiscales

Detalles Bibliográficos
Autor principal: Ponce Rivera, Alejandro
Otros Autores: Ponce Rivera y Chv̀ez, Alejandro
Formato: eBook
Lenguaje:español
Publicado: Mx̌ico D.F. : Ediciones Fiscales ISEF, 2006
Materias:
Acceso en línea:http://www.vlex.com/source/10969

MARC

LEADER 00000nam a22000007a 4500
005 20130404142317.0
007 cr|||| ||||
008 130404e2006 mx |||||s|||| 00||0 spa d
020 |a 970-676-937-4 
035 |a 10969 
040 |a vLex 
090 |c 4106  |d 4106 
100 1 0 |a Ponce Rivera, Alejandro  
245 1 0 |a Consecuencias fiscales  |c / Alejandro Ponce Rivera Alejandro Ponce Rivera y Chv̀ez   |h [Recurso electrn̤ico] 
256 |a Servicio en ln̕ea 
260 |a Mx̌ico D.F. :  |b Ediciones Fiscales ISEF,   |c 2006 
300 |a 1 Recurso electrn̤ico 
506 |a Contenido solo disponible en los productos indicados  |d vLex Global  |d vLex Global (Academic Edition, excluding Law Schools)  |d vLex Global (U.S. Academic Edition, Law Schools)  |d vLex Global (U.S. Academic Edition, excluding Law Schools)  |d vLex Global (Academic Edition, Law Schools) 
650 0 4 |a Derecho tributario  |z Mx̌ico 
700 1 0 |a Ponce Rivera y Chv̀ez, Alejandro  
740 |a vLex Libros (Servicio en ln̕ea) 
856 |a Acceso restringido  |u http://www.vlex.com/source/10969 
942 |c BOOK 
999 0 |a Taxation